[Event "Ekaterinburg Rapid op"]
[Site "Ekaterinburg"]
[Date "2023.08.12"]
[Round "9"]
[White "Safin, Timur"]
[Black "Predein, Vladimir"]
[Result "0-1"]
[WhiteElo "2190"]
[BlackElo "2373"]
[PlyCount "106"]
[EventDate "2023.08.11"]
[EventType "swiss (rapid)"]
[EventRounds "11"]
[EventCountry "RUS"]
[SourceTitle "CBM 215 Extra"]
[Source "ChessBase"]
[SourceDate "2023.09.30"]
[SourceVersion "1"]
[SourceVersionDate "2023.09.30"]
[SourceQuality "1"]

1. d4 Nf6 2. c4 c5 3. d5 e6 4. Nc3 exd5 5. cxd5 d6 6. Nf3 g6 7. Bf4 Bg7 8. h3 0-0 9. e3 a6 10. a4 Ne8 11. Be2 Nd7 12. 0-0 Qe7 13. Nd2 Ne5 14. Bh2 f5 15. Re1 Rb8 16. Bf1 g5 17. f4 Ng6 18. fxg5 Qxg5 19. Nf3 Qe7 20. Qd2 Bd7 21. a5 Nf6 22. Ng5 Ng4 23. Bf4 N4e5 24. Rad1 Rbd8 25. Qf2 h6 26. Nf3 Nxf3+ 27. Qxf3 Ne5 28. Qe2 Rde8 29. Kh1 Kh7 30. Qc2 Ng6 31. Qf2 Be5 32. Bd3 Qg7 33. Qd2 Rg8 34. Rf1 Nxf4 35. exf4 Bd4 36. Rde1 Qf6 37. Rxe8 Rxe8 38. Re1 Rxe1+ 39. Qxe1 Kg7 40. Qg3+ Qg6 41. Qe1 Kf8 42. b4 cxb4 43. Ne2 Bc5 44. Qh4 b3 45. Ng3 b2 46. Qd8+ Qe8 47. Qf6+ Kg8 48. Qxb2 Qe3 49. Ne2 Qxd3 50. Qf6 Qxe2 51. Qg6+ Kf8 52. Qxh6+ Ke7 53. Qg5+ Kf7 0-1

[Event "Zudov Memorial"]
[Site "Nizhnij Tagil"]
[Date "2023.07.29"]
[Round "6"]
[White "Safin, Timur"]
[Black "Somkin, Kirill"]
[Result "1-0"]
[WhiteElo "2260"]
[BlackElo "2198"]
[PlyCount "165"]
[EventDate "2023.07.29"]
[EventType "swiss (rapid)"]
[EventRounds "11"]
[EventCountry "RUS"]
[SourceTitle "CBM 215 Extra"]
[Source "ChessBase"]
[SourceDate "2023.09.30"]
[SourceVersion "1"]
[SourceVersionDate "2023.09.30"]
[SourceQuality "1"]

1. Nf3 d5 2. c4 e6 3. e3 Nf6 4. Nc3 c5 5. cxd5 exd5 6. d4 Nc6 7. Bb5 cxd4 8. Nxd4 Bd7 9. Nf3 Be6 10. 0-0 Bd6 11. b3 a6 12. Be2 0-0 13. Bb2 Qe7 14. Rc1 Rfd8 15. Qc2 Rac8 16. Qb1 Bg4 17. Rfd1 Bb8 18. h3 Bh5 19. Nd4 Bg6 20. Nxc6 bxc6 21. Bd3 Qd6 22. g3 Re8 23. Bxg6 hxg6 24. Qd3 a5 25. Rc2 Ba7 26. Kg2 Rc7 27. Rdc1 Bb8 28. Qd4 g5 29. Qb6 Qe6 30. Ne2 Qe4+ 31. Kg1 Rce7 32. Bxf6 gxf6 33. Qd4 Qf3 34. Qg4 Qxg4 35. hxg4 Re4 36. Rxc6 Rxg4 37. Rxf6 a4 38. bxa4 Rxa4 39. Rf5 Re5 40. Rxe5 Bxe5 41. Rc2 Kg7 42. Rd2 Kf6 43. Kg2 g4 44. Nc1 Ke6 45. Nd3 Bd6 46. Kf1 Ra8 47. Ke2 Ra7 48. Kd1 Ra8 49. Nc1 Be5 50. Nb3 Ra7 51. a4 Bc3 52. Ra2 Ke5 53. Kc2 Bb4 54. Nd4 Ke4 55. Kb3 Be1 56. Re2 Ba5 57. Rc2 Be1 58. Ka3 Ra8 59. Re2 Ba5 60. Nb3 Kf3 61. Rc2 Be1 62. Nd4+ Ke4 63. Rb2 Ra6 64. Nb3 Kf3 65. Nc5 Ra7 66. Nd3 Bc3 67. Rc2 Ba5 68. Ne5+ Kg2 69. Nxg4 Be1 70. Ne5 Kf1 71. Nd3 Ba5 72. Nf4 Be1 73. Nd3 Ba5 74. g4 Rd7 75. g5 d4 76. e4 Bc3 77. f4 Rb7 78. f5 Re7 79. e5 Kg1 80. f6 Ra7 81. e6 fxe6 82. g6 Ba5 83. g7 1-0

[Event "Cheliabinsk Lozovatsky Memorial-A"]
[Site "Cheliabinsk"]
[Date "2023.01.27"]
[Round "1"]
[White "Safin, Timur"]
[Black "Zarubitski, Viachaslau"]
[Result "0-1"]
[WhiteElo "2181"]
[BlackElo "2458"]
[PlyCount "62"]
[EventDate "2023.01.27"]
[EventType "swiss"]
[EventRounds "10"]
[EventCountry "RUS"]
[SourceTitle "CBM 212 Extra"]
[Source "ChessBase"]
[SourceDate "2023.03.31"]
[SourceVersion "1"]
[SourceVersionDate "2023.03.31"]
[SourceQuality "1"]

1. d4 d5 2. c4 e6 3. Nc3 a6 4. cxd5 exd5 5. Nf3 h6 6. Bf4 Nf6 7. e3 Bd6 8. Be5 c6 9. Bd3 0-0 10. 0-0 Re8 11. h3 Bxe5 12. Nxe5 c5 13. Nf3 Nbd7 14. Bc2 b5 15. dxc5 Nxc5 16. Qd4 Ne6 17. Qd2 Bb7 18. Rfd1 Qe7 19. Nd4 Rad8 20. Nce2 Ne4 21. Bxe4 dxe4 22. Qc3 Rc8 23. Qa5 Nc5 24. Nf5 Qf6 25. Ned4 Nd3 26. Rd2 Re5 27. Ng3 Rec5 28. f4 exf3 29. Rxd3 Qg6 30. Ndf5 Rxf5 31. Rd8+ Kh7 0-1

[Event "Cheliabinsk Panchenko Memorial op-A"]
[Site "Cheliabinsk"]
[Date "2022.09.18"]
[Round "7"]
[White "Safin, Timur"]
[Black "Simbelov, Roman T"]
[Result "0-1"]
[WhiteElo "2222"]
[BlackElo "2063"]
[PlyCount "152"]
[EventDate "2022.09.12"]
[EventType "swiss"]
[EventRounds "10"]
[EventCountry "RUS"]
[SourceTitle "CBM 210 Extra"]
[Source "ChessBase"]
[SourceDate "2022.11.30"]
[SourceVersion "1"]
[SourceVersionDate "2022.11.30"]
[SourceQuality "1"]

1. d4 d5 2. c4 e6 3. Nc3 Nf6 4. Nf3 c6 5. e3 Nbd7 6. Qc2 Bd6 7. g4 Nxg4 8. Rg1 Nxh2 9. Nxh2 Bxh2 10. Rxg7 Nf8 11. Rg2 Bd6 12. e4 dxe4 13. Bg5 f6 14. Bh6 f5 15. 0-0-0 Ng6 16. Kb1 Bd7 17. d5 Qc7 18. c5 Be5 19. d6 Qa5 20. Nxe4 fxe4 21. Qxe4 0-0-0 22. Qc2 b5 23. Rg4 Rhg8 24. a4 Nf4 25. Rxf4 Bxf4 26. Bxf4 Rg4 27. Be5 Qxa4 28. Qxa4 Rxa4 29. Bd3 h5 30. Rh1 h4 31. f4 Rg8 32. Rxh4 a5 33. Rh7 Rb4 34. Ka2 a4 35. Rf7 Rb3 36. Bh7 Rd8 37. Bc3 b4 38. Bf6 Re8 39. Be5 Re3 40. Rg7 Rf8 41. Re7 Rg3 42. f5 Rh3 43. f6 Rh5 44. Bd4 Rd5 45. Be3 Rxf6 46. Rg7 Rf8 47. Rg4 Re5 48. Bh6 Rd8 49. Rxb4 Rxc5 50. Bd3 Ra5 51. Be3 Rg8 52. Bb6 Rb5 53. Bxb5 cxb5 54. Rh4 Kb7 55. Ba5 Kc6 56. Bb4 e5 57. Rh1 Be6+ 58. Ka3 Rg3+ 59. Bc3 Kxd6 60. Kb4 Bc4 61. Rh6+ Kd5 62. Rh8 Rg5 63. Re8 Rf5 64. Re7 Ke4 65. Kc5 Kf4 66. Bd2+ Kf3 67. Rd7 Ke2 68. Bh6 Rh5 69. Rd6 Bd3 70. Re6 Kd1 71. Bg7 e4+ 72. Kd4 Kc2 73. Ke3 Rg5 74. Be5 Rxe5 75. Rxe5 Kxb2 76. Rh5 a3 0-1

[Event "Cheliabinsk Kurnosov Memorial Rapid-A"]
[Site "Cheliabinsk"]
[Date "2022.09.09"]
[Round "1"]
[White "Fedorov, Alexei"]
[Black "Safin, Timur"]
[Result "1/2-1/2"]
[WhiteElo "2472"]
[BlackElo "2222"]
[PlyCount "55"]
[EventDate "2022.09.09"]
[EventType "swiss (rapid)"]
[EventRounds "11"]
[EventCountry "RUS"]
[SourceTitle "CBM 210 Extra"]
[Source "ChessBase"]
[SourceDate "2022.11.30"]
[SourceVersion "1"]
[SourceVersionDate "2022.11.30"]
[SourceQuality "1"]

1. e4 e6 2. Qe2 d5 3. d3 dxe4 4. dxe4 e5 5. Nf3 Nd7 6. c3 Ngf6 7. Qc2 Bc5 8. Bg5 a5 9. Nbd2 0-0 10. Be2 Re8 11. Rd1 Qe7 12. 0-0 h6 13. Bh4 Nf8 14. Nc4 Ng6 15. Bg3 Nh5 16. Nxa5 Nxg3 17. hxg3 Rxa5 18. b4 Ra3 19. Qb2 Ra7 20. bxc5 Qxc5 21. a4 Be6 22. Qb4 Qxb4 23. cxb4 Rea8 24. a5 c5 25. bxc5 Rxa5 26. Rb1 Rxc5 27. Rxb7 Ra2 28. Bd3 1/2-1/2

[Event "RUS-chT2"]
[Site "Sochi"]
[Date "2022.05.10"]
[Round "9.4"]
[White "Yarikov, Artem"]
[Black "Safin, Timur"]
[Result "0-1"]
[WhiteElo "1995"]
[BlackElo "2203"]
[PlyCount "168"]
[EventDate "2022.05.01"]
[EventType "team-swiss"]
[EventRounds "9"]
[EventCountry "RUS"]
[SourceTitle "CBM 208 Extra"]
[Source "ChessBase"]
[SourceDate "2022.07.31"]
[SourceVersion "1"]
[SourceVersionDate "2022.07.31"]
[SourceQuality "1"]
[WhiteTeam "Moscow ChessPSh"]
[BlackTeam "Cheliabinsk Yuzhnyy Ural II"]
[WhiteTeamCountry "RUS"]
[BlackTeamCountry "RUS"]

1. d4 Nf6 2. c4 e6 3. Nf3 d5 4. Nc3 Bb4 5. Qa4+ Nc6 6. e3 0-0 7. Bd2 Re8 8. Qc2 a6 9. a3 Bd6 10. Rd1 h6 11. h3 Bd7 12. Bd3 e5 13. dxe5 Nxe5 14. Nxe5 Rxe5 15. cxd5 Nxd5 16. Nxd5 Rxd5 17. e4 Rc5 18. Qb1 Be5 19. Rc1 Rxc1+ 20. Qxc1 Bc6 21. Ke2 Qf6 22. Bc3 Bxc3 23. Qxc3 Qxc3 24. bxc3 Re8 25. Ke3 Re5 26. Rb1 Ra5 27. Rb3 b6 28. f3 Kf8 29. c4 Ke7 30. Kd4 g5 31. Rc3 Kd6 32. g3 Bd7 33. Bf1 Be6 34. f4 f6 35. Bg2 Rc5 36. Bf1 Ra5 37. Bg2 Ra4 38. h4 b5 39. e5+ fxe5+ 40. fxe5+ Kd7 41. hxg5 hxg5 42. Bf1 Bxc4 43. Bxc4 Rxc4+ 44. Rxc4 bxc4 45. Kxc4 Ke6 46. Kd4 g4 47. a4 a5 48. Kc5 Kxe5 49. Kb5 Kd4 50. Kxa5 c5 51. Kb5 c4 52. a5 c3 53. a6 c2 54. a7 c1Q 55. a8Q Qc5+ 56. Ka4 Qc4+ 57. Ka3 Qc3+ 58. Ka2 Qxg3 59. Qa4+ Ke3 60. Qb3+ Kf2 61. Qc2+ Kg1 62. Qc1+ Kh2 63. Qh6+ Qh3 64. Qf4+ g3 65. Kb1 Qg2 66. Qe5 Qd2 67. Qh5+ Kg1 68. Qc5+ Qf2 69. Qh5 g2 70. Kc1 Qd4 71. Qf3 Kh2 72. Qh5+ Kg3 73. Qg5+ Kf3 74. Qh5+ Qg4 75. Qd5+ Qe4 76. Qh5+ Kf2 77. Qf7+ Ke1 78. Qa7 Qf4+ 79. Kb1 Qf1 80. Qe3+ Kd1 81. Qd4+ Ke2+ 82. Kc2 g1Q 83. Qc4+ Kf2 84. Qd4+ Kg2 0-1

[Event "RUS-chT2"]
[Site "Sochi"]
[Date "2022.05.09"]
[Round "8.1"]
[White "Safin, Timur"]
[Black "Polukhin, Alexander"]
[Result "1-0"]
[WhiteElo "2203"]
[BlackElo "2170"]
[PlyCount "87"]
[EventDate "2022.05.01"]
[EventType "team-swiss"]
[EventRounds "9"]
[EventCountry "RUS"]
[SourceTitle "CBM 208 Extra"]
[Source "ChessBase"]
[SourceDate "2022.07.31"]
[SourceVersion "1"]
[SourceVersionDate "2022.07.31"]
[SourceQuality "1"]
[WhiteTeam "Cheliabinsk Yuzhnyy Ural II"]
[BlackTeam "Voronezh Inleksis"]
[WhiteTeamCountry "RUS"]
[BlackTeamCountry "RUS"]

1. d4 d5 2. c4 e6 3. Nc3 c6 4. e4 Bb4 5. e5 c5 6. a3 Bxc3+ 7. bxc3 Ne7 8. Nf3 Nbc6 9. h4 h6 10. h5 Qc7 11. Bf4 Bd7 12. Bd3 Na5 13. cxd5 Nxd5 14. Bd2 c4 15. Bc2 0-0-0 16. Rh3 Rdg8 17. Rg3 Be8 18. Nh4 Ne7 19. Rb1 g5 20. hxg6 fxg6 21. Qg4 Qd7 22. f4 Nf5 23. Nxf5 exf5 24. Qe2 Bf7 25. Rb4 Bd5 26. Kf1 Nc6 27. Rxc4 Bxc4 28. Qxc4 Kb8 29. d5 g5 30. Ba4 Na5 31. Qd4 Qc8 32. e6 Qc4+ 33. Kf2 Qxd4+ 34. cxd4 Nc4 35. Bb4 a6 36. Rc3 b5 37. Rxc4 bxc4 38. d6 gxf4 39. d7 c3 40. e7 c2 41. Bxc2 Kc7 42. Ba4 a5 43. Bxa5+ Kd6 44. e8Q 1-0

[Event "Cheliabinsk Variation-A"]
[Site "Cheliabinsk"]
[Date "2022.04.04"]
[Round "4"]
[White "Maltsevskaya, Aleksandra"]
[Black "Safin, Timur"]
[Result "0-1"]
[WhiteElo "2406"]
[BlackElo "2179"]
[PlyCount "72"]
[EventDate "2022.04.01"]
[EventType "swiss"]
[EventRounds "9"]
[EventCountry "RUS"]
[SourceTitle "CBM 207 Extra"]
[Source "ChessBase"]
[SourceDate "2022.05.31"]
[SourceVersion "1"]
[SourceVersionDate "2022.05.31"]
[SourceQuality "1"]

1. Nf3 d5 2. g3 c5 3. Bg2 Nc6 4. d4 cxd4 5. Nxd4 e5 6. Nxc6 bxc6 7. c4 Be6 8. Qa4 Qd7 9. Nc3 Nf6 10. Bg5 Rc8 11. cxd5 cxd5 12. Qxd7+ Kxd7 13. 0-0 d4 14. Rfd1 Ke8 15. Nb5 Bd7 16. a4 a6 17. Bb7 Rc2 18. Bxa6 Ne4 19. Bc1 Nc5 20. Na3 Rxc1 21. Rdxc1 Nxa6 22. Nc4 f6 23. Nb6 Bc5 24. Nd5 Bd6 25. Rc4 Kf7 26. b4 Ke6 27. e4 dxe3 28. Nxe3 Nxb4 29. f4 Nd3 30. f5+ Ke7 31. Kg2 Bc5 32. Kf3 Bd4 33. Ra3 Nb2 34. Rc2 Nxa4 35. Rc7 Nb6 36. Raa7 Bxe3 0-1

[Event "Cheliabinsk Variation-A"]
[Site "Cheliabinsk"]
[Date "2022.04.03"]
[Round "3"]
[White "Safin, Timur"]
[Black "Balashov, Yuri S"]
[Result "0-1"]
[WhiteElo "2179"]
[BlackElo "2431"]
[PlyCount "132"]
[EventDate "2022.04.01"]
[EventType "swiss"]
[EventRounds "9"]
[EventCountry "RUS"]
[SourceTitle "CBM 207 Extra"]
[Source "ChessBase"]
[SourceDate "2022.05.31"]
[SourceVersion "1"]
[SourceVersionDate "2022.05.31"]
[SourceQuality "1"]

1. d4 Nf6 2. c4 e6 3. Nc3 Bb4 4. e3 0-0 5. Nge2 d5 6. a3 Be7 7. cxd5 Nxd5 8. e4 Nxc3 9. bxc3 c5 10. g3 Nc6 11. Bg2 e5 12. d5 Na5 13. f4 Bf6 14. 0-0 b6 15. Qd3 Nb3 16. Rb1 Nxc1 17. Nxc1 a6 18. c4 b5 19. Qc3 Re8 20. Nd3 Qd6 21. f5 Bd7 22. Rfc1 Rac8 23. Bf1 Bxf5 24. Nf2 Bd7 25. cxb5 Bg5 26. Re1 c4 27. b6 Rb8 28. Qxc4 Rxb6 29. Rxb6 Qxb6 30. Qxa6 Qc5 31. Kg2 h5 32. Qb7 Bg4 33. Qb4 Qa7 34. Nd3 Bd7 35. Qc3 h4 36. Qc5 h3+ 37. Kg1 Qa4 38. Nf2 Rc8 39. Qd6 Bd2 40. Re2 Bc3 41. Nxh3 Bg4 42. Nf2 Bxe2 43. Bxe2 Qc2 44. Bd3 Qd2 45. Qd7 Rb8 46. Qc7 Rf8 47. Kg2 Bd4 48. Qc2 Qxc2 49. Bxc2 Rc8 50. Bd1 Rc1 51. Be2 Rc2 52. Kf3 Rc3+ 53. Nd3 Rxa3 54. h4 Kf8 55. g4 Ke7 56. g5 g6 57. Kg4 Ra1 58. Bf3 Kd6 59. Kg3 Be3 60. Nb4 Bf4+ 61. Kg2 Ra3 62. Nc6 Ra8 63. Kh3 Bd2 64. Bg4 Rh8 65. Na7 Bxg5 66. Nc8+ Kc5 0-1

[Event "Cheliabinsk Variation-A"]
[Site "Cheliabinsk"]
[Date "2022.04.02"]
[Round "2"]
[White "Grachev, Alexey1111"]
[Black "Safin, Timur"]
[Result "0-1"]
[WhiteElo "2366"]
[BlackElo "2179"]
[PlyCount "74"]
[EventDate "2022.04.01"]
[EventType "swiss"]
[EventRounds "9"]
[EventCountry "RUS"]
[SourceTitle "CBM 207 Extra"]
[Source "ChessBase"]
[SourceDate "2022.05.31"]
[SourceVersion "1"]
[SourceVersionDate "2022.05.31"]
[SourceQuality "1"]

1. e4 e6 2. d4 d5 3. Nc3 Bb4 4. Nge2 dxe4 5. a3 Bxc3+ 6. Nxc3 Nc6 7. Bf4 Nge7 8. Nxe4 0-0 9. Qd2 Qxd4 10. Qxd4 Nxd4 11. 0-0-0 Nd5 12. Be5 Nc6 13. Bg3 f5 14. Nc5 f4 15. Bh4 h6 16. c4 Nf6 17. Bxf6 Rxf6 18. Be2 Rf5 19. b4 a5 20. Bg4 Rg5 21. Bf3 axb4 22. axb4 Ne5 23. Be4 Nxc4 24. h4 Re5 25. f3 Rxe4 26. Rd8+ Kf7 27. Nxe4 Ra1+ 28. Kc2 Ne3+ 29. Kd3 Rxh1 30. Rxc8 Nd5 31. Nc5 Nxb4+ 32. Ke4 Nd5 33. Nxb7 Rxh4 34. Nd8+ Ke7 35. Rb8 Nf6+ 36. Kd4 e5+ 37. Kc4 Nd7 0-1

[Event "Cheliabinsk Lozovatsky Memorial-A"]
[Site "Cheliabinsk"]
[Date "2022.01.30"]
[Round "9"]
[White "Kleymenova, Valeria"]
[Black "Safin, Timur"]
[Result "1/2-1/2"]
[WhiteElo "2024"]
[BlackElo "2170"]
[PlyCount "49"]
[EventDate "2022.01.22"]
[EventType "swiss"]
[EventRounds "10"]
[EventCountry "RUS"]
[SourceTitle "EXT 2023"]
[Source "ChessBase"]
[SourceDate "2022.10.05"]
[SourceVersion "1"]
[SourceVersionDate "2022.10.05"]
[SourceQuality "1"]

1. d4 Nf6 2. c4 e6 3. g3 d5 4. Bg2 dxc4 5. Nf3 Bb4+ 6. Bd2 a5 7. a3 Bxd2+ 8. Nbxd2 b5 9. b3 cxb3 10. Qxb3 c6 11. 0-0 0-0 12. e3 Bb7 13. Ne5 Nd5 14. Rfc1 a4 15. Qb2 f6 16. Nd3 Nd7 17. Nb4 Rc8 18. Ne4 Qe7 19. Nc5 Nxc5 20. Rxc5 Rfd8 21. Rac1 Qd6 22. Bxd5 exd5 23. Qc3 Qe7 24. Qd3 Rd6 25. R1c3 1/2-1/2

[Event "Cheliabinsk Lozovatsky Memorial-A"]
[Site "Cheliabinsk"]
[Date "2022.01.29"]
[Round "8"]
[White "Barseghyan, Armen Ar"]
[Black "Safin, Timur"]
[Result "1-0"]
[WhiteElo "2358"]
[BlackElo "2170"]
[PlyCount "97"]
[EventDate "2022.01.22"]
[EventType "swiss"]
[EventRounds "10"]
[EventCountry "RUS"]
[SourceTitle "CBM 206 Extra"]
[Source "ChessBase"]
[SourceDate "2022.03.31"]
[SourceVersion "1"]
[SourceVersionDate "2022.03.31"]
[SourceQuality "1"]

1. d4 Nf6 2. Nf3 e6 3. g3 c5 4. Bg2 cxd4 5. Nxd4 Nc6 6. 0-0 Qb6 7. Nf3 d5 8. c4 d4 9. e3 dxe3 10. Bxe3 Bc5 11. Bxc5 Qxc5 12. Qe2 0-0 13. Nbd2 e5 14. Nb3 Qe7 15. Rfe1 Re8 16. Qe3 a5 17. h3 Nd7 18. Qc3 Qb4 19. Rad1 Qxc3 20. bxc3 a4 21. Nbd4 Nxd4 22. Nxd4 Rf8 23. Nf5 Nf6 24. Rxe5 Be6 25. Ne3 Rfd8 26. Rxd8+ Rxd8 27. Ra5 h5 28. Rxa4 h4 29. g4 b6 30. Ra8 Rxa8 31. Bxa8 Kf8 32. f4 g6 33. Kf2 Ke7 34. f5 gxf5 35. gxf5 Bd7 36. Bd5 Kd6 37. Bxf7 Ne4+ 38. Kg2 Ke5 39. Be6 Ba4 40. Kf3 Nxc3 41. Ng4+ Kd6 42. Kf4 b5 43. c5+ Kxc5 44. Ke5 b4 45. f6 Be8 46. f7 Bxf7 47. Bxf7 Ne2 48. Nf2 Kb5 49. Bb3 1-0

[Event "Cheliabinsk Lozovatsky Memorial-A"]
[Site "Cheliabinsk"]
[Date "2022.01.28"]
[Round "7"]
[White "Safin, Timur"]
[Black "Solozhenkina, Elizaveta"]
[Result "1/2-1/2"]
[WhiteElo "2170"]
[BlackElo "2325"]
[PlyCount "70"]
[EventDate "2022.01.22"]
[EventType "swiss"]
[EventRounds "10"]
[EventCountry "RUS"]
[SourceTitle "CBM 206 Extra"]
[Source "ChessBase"]
[SourceDate "2022.03.31"]
[SourceVersion "1"]
[SourceVersionDate "2022.03.31"]
[SourceQuality "1"]

1. d4 Nf6 2. c4 g6 3. Nc3 d5 4. cxd5 Nxd5 5. e4 Nxc3 6. bxc3 Bg7 7. Nf3 c5 8. Bb5+ Nc6 9. Rb1 0-0 10. d5 Ne5 11. 0-0 f5 12. Nxe5 Bxe5 13. Bh6 Rf7 14. Bc4 fxe4 15. d6 e6 16. d7 Bxd7 17. Rxb7 Bc6 18. Rxf7 Kxf7 19. Qg4 Qf6 20. Be3 Bxc3 21. Qh3 h5 22. Bxc5 Be5 23. Be3 Qf5 24. Rc1 Qxh3 25. gxh3 Bd5 26. Bb3 a5 27. Rc5 Bxb3 28. axb3 Kf6 29. h4 a4 30. bxa4 Rxa4 31. Bg5+ Kf5 32. Kg2 Ra8 33. Rb5 Rb8 34. Ra5 Rb7 35. h3 Rd7 1/2-1/2

[Event "Cheliabinsk Lozovatsky Memorial-A"]
[Site "Cheliabinsk"]
[Date "2022.01.26"]
[Round "5"]
[White "Petrova, Irina"]
[Black "Safin, Timur"]
[Result "1/2-1/2"]
[WhiteElo "2104"]
[BlackElo "2170"]
[PlyCount "55"]
[EventDate "2022.01.22"]
[EventType "swiss"]
[EventRounds "10"]
[EventCountry "RUS"]
[SourceTitle "CBM 206 Extra"]
[Source "ChessBase"]
[SourceDate "2022.03.31"]
[SourceVersion "1"]
[SourceVersionDate "2022.03.31"]
[SourceQuality "1"]

1. e4 e6 2. d4 d5 3. Nc3 Bb4 4. Nge2 dxe4 5. a3 Bxc3+ 6. Nxc3 Nc6 7. Bb5 Nge7 8. Bg5 f6 9. Be3 a6 10. Bxc6+ Nxc6 11. Qh5+ g6 12. Qh6 Kf7 13. 0-0-0 Ne7 14. Nxe4 Qd5 15. Qf4 Qf5 16. Nc3 Qxf4 17. Bxf4 c6 18. Ne4 g5 19. Bg3 Nf5 20. Nd6+ Nxd6 21. Bxd6 h5 22. h4 g4 23. Rhe1 a5 24. Re3 Rg8 25. Bg3 Bd7 26. Rb3 b5 27. Bd6 a4 28. Re3 1/2-1/2

[Event "Cheliabinsk Lozovatsky Memorial-A"]
[Site "Cheliabinsk"]
[Date "2022.01.23"]
[Round "2"]
[White "Safin, Timur"]
[Black "Makarian, Rudik"]
[Result "0-1"]
[WhiteElo "2170"]
[BlackElo "2517"]
[PlyCount "50"]
[EventDate "2022.01.22"]
[EventType "swiss"]
[EventRounds "10"]
[EventCountry "RUS"]
[SourceTitle "CBM 206 Extra"]
[Source "ChessBase"]
[SourceDate "2022.03.31"]
[SourceVersion "1"]
[SourceVersionDate "2022.03.31"]
[SourceQuality "1"]

1. Nf3 e6 2. c4 d5 3. e3 Nf6 4. Nc3 b6 5. b3 Bb7 6. Bb2 Nbd7 7. cxd5 exd5 8. Be2 a6 9. 0-0 Bd6 10. Nd4 g6 11. Rc1 0-0 12. Rc2 Re8 13. Qa1 c5 14. Nf3 d4 15. exd4 cxd4 16. Nxd4 Bxh2+ 17. Kxh2 Ne5 18. Nd1 Nfg4+ 19. Kg3 Qg5 20. f4 Qh5 21. fxe5 Qh2+ 22. Kxg4 Rxe5 23. Nf5 Re4+ 24. Kg5 Qxg2+ 25. Kf6 Re6# 0-1

[Event "Cheliabinsk Panchenko Memorial op-A"]
[Site "Cheliabinsk"]
[Date "2021.09.18"]
[Round "6"]
[White "Safin, Timur"]
[Black "Efimov, Leonid"]
[Result "1-0"]
[WhiteElo "2216"]
[BlackElo "1866"]
[PlyCount "55"]
[EventDate "2021.09.13"]
[EventType "swiss"]
[EventRounds "10"]
[EventCountry "RUS"]
[SourceTitle "CBM 204 Extra"]
[Source "ChessBase"]
[SourceDate "2021.11.30"]
[SourceVersion "1"]
[SourceVersionDate "2021.11.30"]
[SourceQuality "1"]

1. c4 e6 2. d4 d5 3. cxd5 exd5 4. Nc3 c6 5. Nf3 Bf5 6. g3 Nf6 7. Bg2 Nbd7 8. Nh4 Bg4 9. h3 Bh5 10. 0-0 Bb4 11. Qb3 Qb6 12. a3 Bxc3 13. Qxc3 0-0-0 14. Nf5 Nf8 15. Bf4 Ng6 16. Bg5 h6 17. Bxf6 gxf6 18. Rfe1 Nf8 19. a4 a5 20. e4 dxe4 21. d5 Rxd5 22. Ne7+ Kd7 23. Nxd5 cxd5 24. g4 Bg6 25. Rad1 Ke6 26. Qc8+ Ke5 27. Qb8+ Qd6 28. f4+ 1-0

[Event "Cheliabinsk Panchenko Memorial op-A"]
[Site "Cheliabinsk"]
[Date "2021.09.15"]
[Round "3"]
[White "Tsydypov, Zhamsaran"]
[Black "Safin, Timur"]
[Result "1-0"]
[WhiteElo "2545"]
[BlackElo "2216"]
[PlyCount "61"]
[EventDate "2021.09.13"]
[EventType "swiss"]
[EventRounds "10"]
[EventCountry "RUS"]
[SourceTitle "CBM 204 Extra"]
[Source "ChessBase"]
[SourceDate "2021.11.30"]
[SourceVersion "1"]
[SourceVersionDate "2021.11.30"]
[SourceQuality "1"]

1. e4 e6 2. d4 d5 3. e5 c5 4. c3 Qb6 5. Nf3 Nc6 6. Na3 cxd4 7. cxd4 Bd7 8. Nc2 Rc8 9. Be2 Nge7 10. 0-0 h5 11. Ne3 Nf5 12. Nxf5 exf5 13. Be3 Be7 14. Rb1 Na5 15. b3 Bb5 16. e6 fxe6 17. Bxb5+ Qxb5 18. Qe1 0-0 19. Bd2 Nc6 20. Qxe6+ Kh7 21. Bg5 Qb4 22. Rbe1 Rce8 23. Bxe7 Qxe7 24. Qxd5 Qf6 25. Rxe8 Rxe8 26. Rd1 Rd8 27. Qc5 b6 28. Qc4 Rd6 29. h4 g6 30. Ng5+ Kg7 31. Re1 1-0

[Event "Cheliabinsk Kurnosov Memorial Rapid"]
[Site "Cheliabinsk"]
[Date "2021.09.10"]
[Round "1"]
[White "Lysyj, Igor"]
[Black "Safin, Timur"]
[Result "1-0"]
[WhiteElo "2603"]
[BlackElo "2216"]
[PlyCount "77"]
[EventDate "2021.09.10"]
[EventType "swiss (rapid)"]
[EventRounds "11"]
[EventCountry "RUS"]
[SourceTitle "CBM 204 Extra"]
[Source "ChessBase"]
[SourceDate "2021.11.30"]
[SourceVersion "1"]
[SourceVersionDate "2021.11.30"]
[SourceQuality "1"]

1. d4 Nf6 2. c4 e6 3. Nf3 d5 4. g3 dxc4 5. Bg2 c5 6. 0-0 Nc6 7. dxc5 Qxd1 8. Rxd1 Bxc5 9. Nbd2 c3 10. bxc3 e5 11. Nb3 Be7 12. Bb2 Be6 13. c4 Nd7 14. Nfd2 f6 15. Bd5 Kf7 16. f4 Rac8 17. Nf3 Rhd8 18. e4 Nb6 19. Rac1 Nb4 20. fxe5 Nxc4 21. Bxe6+ Kxe6 22. Rxd8 Bxd8 23. Nbd4+ Ke7 24. Nd2 Nb6 25. Nf5+ Kf8 26. Rxc8 Nxc8 27. exf6 Bxf6 28. Ba3 a5 29. Nc4 b6 30. Kf2 g6 31. Bxb4+ axb4 32. Nfd6 Nxd6 33. Nxd6 Ke7 34. Nc8+ Ke6 35. Ke3 Bd8 36. Na7 Bc7 37. Nc6 Kd6 38. Nxb4 Kc5 39. Na6+ 1-0

[Event "South Ural Cup-B"]
[Site "Cheliabinsk"]
[Date "2021.06.29"]
[Round "5"]
[White "Safin, Timur"]
[Black "Kosic, Dragan"]
[Result "1/2-1/2"]
[WhiteElo "2190"]
[BlackElo "2417"]
[PlyCount "94"]
[EventDate "2021.06.25"]
[EventType "tourn"]
[EventRounds "9"]
[EventCountry "RUS"]
[EventCategory "4"]
[SourceTitle "CBM 203 Extra"]
[Source "ChessBase"]
[SourceDate "2021.09.30"]
[SourceVersion "1"]
[SourceVersionDate "2021.09.30"]
[SourceQuality "1"]

1. e4 e6 2. d4 d5 3. e5 c5 4. c3 Nc6 5. Nf3 Bd7 6. Be2 Nge7 7. 0-0 Rc8 8. Na3 cxd4 9. cxd4 Nf5 10. Nc2 Nb4 11. Ne3 Nxe3 12. Bxe3 Be7 13. a3 Nc2 14. Rc1 Nxe3 15. fxe3 Rxc1 16. Qxc1 0-0 17. Bd3 Qb6 18. Qb1 g6 19. Rc1 Rc8 20. Rxc8+ Bxc8 21. Qc2 Bd7 22. Qc3 Kg7 23. h4 h5 24. g3 a5 25. Kf2 Bd8 26. Bc2 Qc6 27. Qxc6 Bxc6 28. Bd3 Kh6 29. Ke2 Be7 30. Kd2 b6 31. Kc3 Ba4 32. Be2 Be8 33. Ne1 g5 34. Ng2 gxh4 35. gxh4 f6 36. Ba6 Bd7 37. Bd3 Be8 38. Kd2 fxe5 39. dxe5 Bg6 40. Be2 Bf5 41. Nf4 Bxh4 42. Bxh5 Bg5 43. Bf7 d4 44. Bxe6 dxe3+ 45. Ke2 Bxf4 46. Bxf5 Bxe5 47. Kxe3 Bxb2 1/2-1/2